000 00419nam a2200193Ia 4500
005 20240823040240.0
008 240823s9999||||xx |||||||||||||| ||und||
020 _a81-89780-13-1
041 _aTAMIL
082 _A894.8117 P7
100 _aRaju A A N
245 0 _aRaju Jokes
250 _a1st
260 _c2007
_bVikadan
500 _aYES
650 _araju Jokes
_bGeneral
942 _cBK
999 _c202641
_d202641